000 00830nam a2200265 i 4500
001 000036796
003 DO-SdBNP
005 20240808093243.0
007 ta
008 120201s1978 sp a d 000 0 spa d
020 _a8423947807 (Obra completa)
040 _aDO-SdBNP
_bspa
_cBNPHU
_erda
082 4 _222
_a036
_bD645e 1978
245 0 0 _aDiccionario enciclopédico Espasa.
250 _aOctava edición totalmente renovada
264 4 _aMadrid :
_bEspasa-Calpe,
_c©1978.
300 _a 12 volumes :
_billustrations ;
_c27 cm.
336 _2rdacontent
_atexto
_btxt
337 _2rdamedia
_asin mediación
_bn
338 _2rdacarrier
_avolumen
_bnc
590 _aInventariado, 2024 /LP
650 4 _aDiccionarios enciclopedicos
_xEspañol
_963138
910 _aValidado. Control de calidad BNPHU
942 _2ddc
_cLBS1
999 _c36287
_d36287